000 00490nmm a2200157Ia 4500
008 251105s9999||||xx |||||||||||||||||und||
020 _a9788490643457
041 _aspa
100 _aLarrea Killinger, Cristina
245 0 _aMary Douglas. La mirada antropológica de una católica
264 _a[Madrid, España] :
_bUniversitat Oberta de Catalunya,
_c2014
300 _a120 páginas
650 _aAnthropology
856 _uhttps://public.digitaliapublishing.com/a/36934
942 _cCF
999 _c87702
_d87702